[Event "Zagreb Dan pobjede"]
[Site "Zagreb"]
[Date "2009.06.14"]
[Round "5"]
[White "Lukacin, Denis"]
[Black "Kranjc, Zvonimir"]
[Result "1-0"]
[WhiteElo "1855"]
[BlackElo "1718"]
[PlyCount "65"]
[EventDate "2009.05.17"]
[EventType "tourn"]
[EventRounds "13"]
[EventCountry "CRO"]
[SourceTitle "EXT 2012"]
[Source "ChessBase"]
[SourceDate "2011.11.24"]
[SourceVersion "1"]
[SourceVersionDate "2011.11.24"]
[SourceQuality "1"]

1. e4 e5 2. Nf3 Nc6 3. Bb5 a6 4. Ba4 Nf6 5. 0-0 b5 6. Bb3 Be7 7. Re1 d6 8. c3 0-0 9. h3 Nb8 10. d4 Nbd7 11. a4 Bb7 12. Bc2 c5 13. Nbd2 Re8 14. Nf1 Bf8 15. Ng3 g6 16. Bg5 Bg7 17. Qe2 Qb6 18. Rad1 b4 19. cxb4 cxb4 20. dxe5 dxe5 21. Be3 Qc7 22. Bb3 Rac8 23. Ng5 Re7 24. Rc1 Qd8 25. Rxc8 Bxc8 26. Qc4 Qe8 27. Rc1 Bb7 28. Qxb4 Ba8 29. Qc4 Nf8 30. Qxa6 h6 31. Nxf7 Rxf7 32. Rc8 Bb7 33. Qxb7 1-0